|
|
|
|
| LEADER |
00000nas a2200000 a 4500 |
| 001 |
ssj0000800462 |
| 003 |
WaSeSS |
| 005 |
20200512172242.0 |
| 006 |
m d |
| 007 |
cr n |
| 008 |
100304c20099999nz ar s 0 a0eng c |
| 010 |
|
|
|a 2012254627
|
| 016 |
7 |
|
|a 2587466-4
|2 DE-600
|
| 016 |
7 |
|
|a 101614314
|2 DNLM
|
| 022 |
|
|
|a 1179-3201
|l 1179-3201
|
| 035 |
|
|
|a (WaSeSS)ssj0000800462
|
| 040 |
|
|
|a FQM
|b eng
|c FQM
|d OCLCQ
|d HEBIS
|d NTE
|d NZ1
|d OCLCQ
|d CUV
|d OCLCF
|d OCLCO
|d EUW
|d OCLCO
|d NLM
|d OCLCO
|d OCLCQ
|d OCLCO
|d OCLCQ
|d CASUM
|d OCLCA
|d UAB
|d OCLCQ
|d WaSeSS
|
| 042 |
|
|
|a pcc
|
| 050 |
|
4 |
|a RA971
|
| 060 |
0 |
0 |
|a W1
|
| 082 |
0 |
4 |
|a 362.106805
|2 22
|
| 210 |
1 |
0 |
|a J Healthc Leadersh
|2 dnlm
|
| 210 |
1 |
|
|a J. healthc. leadersh.
|b (Online)
|
| 222 |
|
0 |
|a Journal of healthcare leadership
|b (Online)
|
| 245 |
0 |
0 |
|a Journal of healthcare leadership
|h [electronic resource].
|
| 246 |
3 |
0 |
|a JHL
|
| 260 |
|
|
|a [Auckland, NZ] :
|b Dove Medical Press,
|c 2009-
|
| 310 |
|
|
|a Annual
|
| 362 |
1 |
|
|a Began with vol. 1 (2009).
|
| 506 |
|
|
|a License restrictions may limit access.
|
| 515 |
|
|
|a Articles added irregularly during the year and collected into annual issues.
|
| 588 |
|
|
|a Description based on: Vol. 1 (2009); title from journal home page (Publisher's Web site, viewed Mar. 4, 2010).
|
| 588 |
|
|
|a Latest issue consulted: 2015:7 (viewed Nov. 18, 2015).
|
| 650 |
|
0 |
|a Health services administration
|v Periodicals.
|
| 650 |
|
0 |
|a Leadership
|v Periodicals.
|
| 650 |
|
0 |
|a Physician executives
|v Periodicals.
|
| 650 |
|
7 |
|a Health services administration.
|2 fast
|0 (OCoLC)fst00953286
|
| 650 |
|
7 |
|a Leadership.
|2 fast
|0 (OCoLC)fst00994701
|
| 650 |
|
7 |
|a Physician executives.
|2 fast
|0 (OCoLC)fst01062828
|
| 650 |
1 |
2 |
|a Health Services Administration.
|
| 650 |
2 |
2 |
|a Health Services.
|
| 650 |
2 |
2 |
|a Leadership.
|
| 650 |
2 |
2 |
|a Physician Executives.
|
| 655 |
|
0 |
|a Electronic journals.
|
| 856 |
4 |
0 |
|z Full text available from Research Library: 01/01/2009 to present
|u https://search.proquest.com/publication/3933410
|